00252nam a2200097Ia 4500008004100000245001600041260000900057300002800066440002400094650003600118180117s9999 xx 000 0 und d aSubmissions c2017 a9-10 pages, 2017 July 2 aPhilippine Panorama aWHEN WE WERE INNOCENT AND YOUNG